000 00467nam a2200181Ia 4500
003 GCL
008 140319s9999 xx 000 0 eng d
040 _aGCL /
_cGCL
082 0 4 _a170
_bP M
100 1 _aPATTERSON, PHILIP
245 1 0 _aMEDIA ETHICS /
_cPATTERSON, PHILIP
700 1 _aWILKINS, LEE
260 _a[S.N] :
_bW C B BROUN AND BENCHMSRK PUBBISHERS ،
_c1991
300 _a280 P
650 0 4 _aDECISION - MAKING
650 0 4 _aETHICS
942 _2ddc
_cBK
999 _c16560
_d16560